MDQL
is popping MORE tags! Check the
thread
!
Quizzes
Events
Quiz Creation
Community
Videos
Private Events
Remove Ads
Sign In
Join for FREE
Feedback
Dark Mode
Quiz Categories
Sports
Geography
Music
Movies
Television
Just For Fun
Miscellaneous
History
Literature
Language
Science
Gaming
Entertainment
Religion
Holiday
For Kids
Quiz Lab
Recent
Popular Today
Quiz Kudos Today
Editor Picks
Curator Picks
Quizzes by...
Day
Popularity
Type
Ratings
Length
Year
Community
Subscriptions
Recent Discussions
Orange Saloon
Badges
Playlists
Quests
Create
Leaderboards
Showdown
Live 5
Trivia Bingo
Activity
Puzzle Library
Sporcle Events
Private Events
Virtual Trivia
Globe League
Become a Host
Pub Owners
SporcleCon
Opinionation
Our Games
Videos
Blog
Mobile Apps
Partnerships
Remove Ads and Go Orange
Feedback
Sports
Athletes
MLB
NBA
NHL
NFL
Soccer
Sports Teams
WWE
NCAA
Football
Premier League
Basketball
Baseball
Hockey
Golf
Tennis
Cricket
Rugby
Auto Racing
Olympics
World Cup
Sports
Athletes
MLB
NBA
NHL
NFL
Soccer
Sports Teams
WWE
NCAA
Football
Premier League
Basketball
Baseball
Hockey
Golf
Tennis
Cricket
Rugby
Auto Racing
Olympics
World Cup
Random Quiz
Search Sporcle
×
Quiz Lab
Quiz Lab
Sports
fia
Type in answers that appear in a list
Type in answers that appear in a list
Classic
Best Score? Go Orange.
WRC winners '10-'14 Stats
Can you name the WRC winners '10-'14?
By
rauchflo
60s
65 Questions
353 Plays
353 Plays
353 Plays
Comments
Comments
Give Quiz Kudos
Give Quiz Kudos
-
- Ratings
hide this ad
Replay
Link that replays current quiz
Next Quiz
Link to next quiz in quiz playlist
You Got
0%
They Got
Avg Score
94%
Avg Friend Score
Upgrade to see
Score Distribution
Jump to the score distribution portion of the page
Score
0/65
Timer
01:00
0
Plays Today
Rally
Driver
% Correct
Mexico '10
Sébastien Loeb
98.6%
Jordan '10
Sébastien Loeb
98.6%
Bulgaria '10
Sébastien Loeb
98.6%
Germany '10
Sébastien Loeb
98.6%
Alsace '10
Sébastien Loeb
98.6%
Catalunya '10
Sébastien Loeb
98.6%
Mexico '11
Sébastien Loeb
98.6%
Great Britain '10
Sébastien Loeb
98.6%
Turkey '10
Sébastien Loeb
98.6%
Sardinia '11
Sébastien Loeb
98.6%
Argentina '11
Sébastien Loeb
98.6%
Finland '11
Sébastien Loeb
98.6%
Catalunya '11
Sébastien Loeb
98.6%
Monte-
Carlo '12
Sébastien Loeb
98.6%
Mexico '12
Sébastien Loeb
98.6%
Argentina '12
Sébastien Loeb
98.6%
Acropolis '12
Sébastien Loeb
98.6%
Alsace '12
Sébastien Loeb
98.6%
New Zealand '12
Sébastien Loeb
98.6%
Finland '12
Sébastien Loeb
98.6%
Germany '12
Sébastien Loeb
98.6%
Catalunya '12
Sébastien Loeb
98.6%
Monte-
Carlo '13
Sébastien Loeb
98.6%
Argentina '13
Sébastien Loeb
98.6%
Portugal '10
Sébastien Ogier
96.6%
Japan '10
Sébastien Ogier
96.6%
Portugal '11
Sébastien Ogier
96.6%
Jordan '11
Sébastien Ogier
96.6%
Acropolis '11
Sébastien Ogier
96.6%
Germany '11
Sébastien Ogier
96.6%
Alsace '11
Sébastien Ogier
96.6%
Great Britain '13
Sébastien Ogier
96.6%
Great Britain '14
Sébastien Ogier
96.6%
Rally
Driver
% Correct
Sweden '13
Sébastien Ogier
96.6%
Mexico '13
Sébastien Ogier
96.6%
Portugal '13
Sébastien Ogier
96.6%
Sardinia '13
Sébastien Ogier
96.6%
Finland '13
Sébastien Ogier
96.6%
Australia '13
Sébastien Ogier
96.6%
Alsace '13
Sébastien Ogier
96.6%
Catalunya '13
Sébastien Ogier
96.6%
Monte-
Carlo '14
Sébastien Ogier
96.6%
Mexico '14
Sébastien Ogier
96.6%
Portugal '14
Sébastien Ogier
96.6%
Sardinia '14
Sébastien Ogier
96.6%
Poland '14
Sébastien Ogier
96.6%
Australia '14
Sébastien Ogier
96.6%
Catalunya '14
Sébastien Ogier
96.6%
New Zealand '10
Jari-Matti Latvala
91.5%
Finland '10
Jari-Matti Latvala
91.5%
Great Britain '11
Jari-Matti Latvala
91.5%
Sweden '12
Jari-Matti Latvala
91.5%
Great Britain '12
Jari-Matti Latvala
91.5%
Acropolis '13
Jari-Matti Latvala
91.5%
Sweden '14
Jari-Matti Latvala
91.5%
Argentina '14
Jari-Matti Latvala
91.5%
Finland '14
Jari-Matti Latvala
91.5%
Alsace '14
Jari-Matti Latvala
91.5%
Sweden '10
Mikko Hirvonen
86.7%
Sweden '11
Mikko Hirvonen
86.7%
Australia '11
Mikko Hirvonen
86.7%
Sardinia '12
Mikko Hirvonen
86.7%
Germany '13
Daniel Sordo
79.6%
Germany '14
Thierry Neuville
77.6%
Portugal '12
Mads Ostberg
62.3%
Quiz Playlist
Details
Report
Send in Message
Add To Playlist
Classic:
Type in answers that appear in a list
Last Updated: Feb 16, 2017
Quiz Scoreboard
CHALLENGE
Sign Up to Join the Scoreboard
Show All
Scores
Hide
Comments
May contain spoilers
Recently Published
Image Sorting: Flags VI
by Barbecue
Geography
2m
Find the 'City' Movie
by crazypaving
Movies
60s
Colored Red Africa Blitz
by spor1
Geography
45s
More to Explore
Quiz From the Vault
Featured Blog Post
14 Easter Pick-up Lines to Find Eggs With
hide this ad
You Might Also Like...
Tags
fia
Rally
World Rally
Today's Top Quizzes in Sports
Browse Sports
hide this ad
Top Contributed Quizzes in Sports
1
Les meilleurs buteurs des matchs entre le PSG et l’OM
2
Les entraîneurs de l'OM et du PSG au 21e siècle
3
2022 World Cup Stars
4
Les joueurs passés par le PSG et l'OM
5
Players with Multiple 50 Home Run Seasons
6
Criteria MLB: Left Handed Sluggers
7
FIFA Club World Cup Champions
8
Les joueurs passés par le LOSC et le RC Lens
9
NBA Logic Puzzle 2.0
10
Top 10 NHL Goal Scorers of All Time
Explore More
Trending Topics
Kpop
NBA
Disney
Marvel
Anime
Harry Potter
Crossword
WWE
The Office
Country
Pokémon
Puzzle
Song
Soccer
NFL
hide this ad
More By:
rauchflo
Quiz
Plays
Rating
Category
Featured
Created
WRC winners '10-'14
353
5.00
Sports
Jul 20, 2015
Go to Creator's Profile
Score Distribution
Quiz Creator Spotlight
rauchflo
Follow
Send a Message
Quizzes Created
-
Created Quiz Play Count
-
More By This Creator
Popular Quizzes Today
1
Colored Red Africa Blitz
2
Find the US States - No Outlines Minefield
3
Find the 'City' Movie
4
5x2 Blitz: Bands
5
The Countries of the World
6
Find the US States
7
Find the Countries of Europe - No Outlines Minefield
8
US States
More Sports Quizzes
Famous Handball Players (Slideshow)
Quiz Lab
Trending Quizzes
Colored Red Europe Blitz I
Colored Red Europe Blitz II
Colored Red Africa Blitz II
Colored Red Europe Blitz III
Colored Red Africa Blitz III
Recently Updated
How Do You Spell That?
pecheneg
Godzilla Movies
pecheneg
Grab Bag: 4-10 Letters
pecheneg
2024 March Madness Bracket
pecheneg
Famous TV Couples
Peacemaker
Champions League XIs: Real Madrid
pecheneg
Largest US Cities 1790-2010
pecheneg
Rides in Walt Disney World
pecheneg
Most Oscar Losses (Acting)
pecheneg
Beyoncé Albums
pecheneg
Trending Topics
Harry Potter
Crossword
Kpop
Marvel
NBA
Anime
Disney
Song
Soccer
Puzzle
NFL
WWE
Pokémon
Country
The Office
Your Account Isn't Verified!
In order to create a playlist on Sporcle, you need to verify the email address you used during registration. Go to your
Sporcle Settings
to finish the process.
Report this User
Report this user for behavior that violates our
Community Guidelines
.
Details:
Send Report
Go to the Sporcle.com Mobile Site →
Comments